<?xml version="1.0" encoding="UTF-8"?>
<marc:record xmlns:marc="http://www.loc.gov/MARC21/slim">
   <marc:leader>00000nam a2200000 a 4500</marc:leader>
   <marc:datafield ind1="1" ind2=" " tag="100">
      <marc:subfield code="a">Vry, Silke</marc:subfield>
      <marc:subfield code="4">aut</marc:subfield>
      <marc:subfield code="e">Verfasser/-in</marc:subfield>
   </marc:datafield>
   <marc:datafield ind1=" " ind2=" " tag="653">
      <marc:subfield code="a">Rätsel</marc:subfield>
   </marc:datafield>
   <marc:datafield ind1=" " ind2=" " tag="653">
      <marc:subfield code="a">Bilderrätsel</marc:subfield>
   </marc:datafield>
   <marc:datafield ind1=" " ind2=" " tag="653">
      <marc:subfield code="a">Kunst</marc:subfield>
   </marc:datafield>
   <marc:datafield ind1=" " ind2=" " tag="653">
      <marc:subfield code="a">Malerei</marc:subfield>
   </marc:datafield>
   <marc:datafield ind1=" " ind2=" " tag="653">
      <marc:subfield code="a">Optische Täuschungen</marc:subfield>
   </marc:datafield>
   <marc:datafield ind1=" " ind2=" " tag="653">
      <marc:subfield code="a">Spiele</marc:subfield>
   </marc:datafield>
   <marc:datafield ind1="0" ind2="0" tag="245">
      <marc:subfield code="a">Augentäuschung</marc:subfield>
   </marc:datafield>
   <marc:datafield ind1="0" ind2="0" tag="245">
      <marc:subfield code="b">die Tricks der Künstler ; forschen, spielen, verstehen</marc:subfield>
   </marc:datafield>
   <marc:datafield ind1=" " ind2="1" tag="264">
      <marc:subfield code="b">Prestel</marc:subfield>
      <marc:subfield code="c">2010</marc:subfield>
   </marc:datafield>
   <marc:datafield ind1="1" ind2=" " tag="520">
      <marc:subfield code="a">Annotation: Kindgerechte Annäherung an das Phänomen der optischen Täuschungen in Kunst und Architektur. Rezension: Bei Prestel ist der sorgsam und übersichtlich gestaltete Band "Augentäuschung" erschienen. Diesmal sind optische Täuschungen in Kunst und Architektur das Thema. Anhand vieler hervorragender Reproduktionen - von der Akropolis bis zu Berninis Scala Regia in Rom, von Giuseppe Arcimboldos zusammengesetzten Köpfen bis hin zu bis zu M.C. Eschers im wahrsten Sinne des Wortes unmöglichen Gebäuden - wird man immer wieder in die visuelle Irre geführt. Auch hier vermitteln Quizfragen (selbstverständlich mit Lösungen), leicht verständliche Erklärungen oder Suchaufträge mehr Verständnis für die reizvolle Palette optischer Täuschungen. Ganz zum Ende des weich gepolsterten Buches gibt es noch einen verblüffenden Sehtest und einfach nachzuvollziehende Bastelanleitungen.</marc:subfield>
   </marc:datafield>
   <marc:datafield ind1=" " ind2=" " tag="020">
      <marc:subfield code="a">9783791343273</marc:subfield>
      <marc:subfield code="9">9783791343273</marc:subfield>
   </marc:datafield>
</marc:record>
